| 000 | 00860nam a22002657a 4500 | ||
|---|---|---|---|
| 003 | OSt | ||
| 005 | 20201124141726.0 | ||
| 008 | 180502s1967 sp a 000 0 spa d | ||
| 040 |
_aDO-SdBNP _bspa _cBNPHU |
||
| 082 |
_a372.4 _bP438li |
||
| 100 | 1 |
_aPérez Espinós, Luis _974982 |
|
| 245 | 1 | 0 |
_aLibro segundo de lectura / _cLuis Pérez Espinós, Livia Veloz. |
| 260 |
_aMadrid, España : _bLa Escuela Nueva, _c1967. |
||
| 300 |
_a159 p. : _bils. ; _c21 cm. |
||
| 490 | 1 | _aEl sembrador dominicano | |
| 500 | _aEmblemas nacionales de República Dominicana | ||
| 586 | _aPremio "Salomé Ureña", 1964 | ||
| 590 | _aInventariado, 2020/ YL | ||
| 650 | 4 |
_aLectura _xEnseñanza _919031 |
|
| 650 | 4 |
_aLibros de lectura _xEspañol _974983 |
|
| 700 | 1 |
_aVeloz, Livia _935977 |
|
| 830 | 0 | 3 |
_aEl sembrador dominicano _974984 |
| 910 | _aYLockward | ||
| 942 |
_2ddc _cLBS1 |
||
| 999 |
_c49197 _d49197 |
||